000 01249cad a22001935a 4500
001 L157500
008 121221s2012 xxk f 000 0 eng d
035 _a(Sirsi) u157500
041 0 _aeng
110 2 _aUnited Kingdom
_bDepartment of Energy and Climate Change
_95850
245 0 0 _aQuarterly energy statistics
_bEnergy trends and quarterly energy prices
_h[electronic resource]
260 _aLondon
_bDECC
_c2012
520 _aEnergy Trends covers statistics on energy production and consumption, in total and by fuel. Also provides an analysis of the year on year changes and a section on renewables. The main points for the 3rd quarter of 2012 include indigenous production of fuels in the UK falling by 7.3 % in the third quarter of 2012 compared with a year earlier while total primary energy consumption for energy uses rose by 1.2%. Of electricity generated in the third quarter of 2012, gas accounted for 28.2% (it?s lowest third quarter share for 14 years) due to high prices.
590 _aKA
651 4 _aUnited Kingdom
690 _aEnergy
_96237
856 4 0 _uhttps://www.decc.gov.uk/assets/decc/11/stats/publications/energy-trends/7364-pn-12165-energy-statistics.pdf
_zView the item free of charge at www.decc.gov.uk
942 _n0
999 _c114804
_d114804